Climate Change and Sustainable Cities (Record no. 13948)

000 -LEADER
fixed length control field 00375nam a2200157Ia 4500
003 - CONTROL NUMBER IDENTIFIER
control field OSt
005 - DATE AND TIME OF LATEST TRANSACTION
control field 20260228115005.0
008 - FIXED-LENGTH DATA ELEMENTS--GENERAL INFORMATION
fixed length control field 260210s9999 xx 000 0 und d
020 ## - INTERNATIONAL STANDARD BOOK NUMBER
International Standard Book Number 9781032928227
082 ## - DEWEY DECIMAL CLASSIFICATION NUMBER
Classification number 551.5
100 ## - MAIN ENTRY--PERSONAL NAME
Personal name Hugo Priemus & Simin Davoudi
245 #0 - TITLE STATEMENT
Title Climate Change and Sustainable Cities
260 ## - PUBLICATION, DISTRIBUTION, ETC. (IMPRINT)
Name of publisher, distributor, etc Routledge
260 ## - PUBLICATION, DISTRIBUTION, ETC. (IMPRINT)
Date of publication, distribution, etc 2024
942 ## - ADDED ENTRY ELEMENTS (KOHA)
Item type R&D Books
Source of classification or shelving scheme
Holdings
Withdrawn status Lost status Source of classification or shelving scheme Damaged status Koha normalized classification for sorting Not for loan Permanent location Current location Shelving location Date acquired Full call number Barcode Date last seen Price effective from Koha item type
        551_500000000000000   BMS College of Architecture, Design and Planning BMS College of Architecture, Design and Planning General Stacks 2025-12-16 551.5 AR-RD274 2026-02-10 2026-02-10 R&D Books
Copyright © 2025, The Librarian, Library and Information Centre, BMSCA D&P, Bengaluru. All Rights Reserved
web counter

Powered by Koha